الطعون الإستئنافيه أمام محاكم مجلس الدوله / (رقم التسجيلة. 3003)

تفاصيل مارك
000 -LEADER
fixed length control field 00482nam a22001577a 4500
005 - DATE AND TIME OF LATEST TRANSACTION
control field 20251108164057.0
008 - FIXED-LENGTH DATA ELEMENTS--GENERAL INFORMATION
fixed length control field 250721s1986 xx 000 0 ara d
082 14 - DEWEY DECIMAL CLASSIFICATION NUMBER
Classification number 347.97/أحم
100 1# - MAIN ENTRY--PERSONAL NAME
Personal name جمعه، أحمد محمود
245 10 - TITLE STATEMENT
Title الطعون الإستئنافيه أمام محاكم مجلس الدوله /
264 1# - PRODUCTION, PUBLICATION, DISTRIBUTION, MANUFACTURE, AND COPYRIGHT NOTICE
Place of production, publication, distribution, manufacture الإسكندريه :
Name of producer, publisher, distributor, manufacturer منشأة المعارف،
Date of production, publication, distribution, manufacture, or copyright notice 1986.
300 ## - PHYSICAL DESCRIPTION
Extent 214ص
650 17 - SUBJECT ADDED ENTRY--TOPICAL TERM
Topical term or geographic name as entry element المحاكم
942 ## - ADDED ENTRY ELEMENTS (KOHA)
Source of classification or shelving scheme Dewey Decimal Classification
Koha item type كتب
المقتنيات
حالة السحب حالة الفقدان مصدر التصنيف حالة التلف غير قابل للإعارة المكتبة الرئيسية المكتبة الحالية موقع الرف تاريخ التزويد الرقم المتسلسل Total Checkouts رقم الإستدعاء الباركود تاريخ آخر ظهور تاريخ الفاتورة نوع المادة (كوها)
    Dewey Decimal Classification     مكتبة حمزة العامة مكتبة حمزة العامة الإعارة 06/07/2004 2843   347.97/أحم DUP-03_2843 28/07/2025 06/07/2004 كتب
Implemented & Customized by: BBB with SCIT (Smart Chains for Information Technology)

Powered by Koha